000 00627nam a2200241 i 4500
001 C2-0227758
003 PPAK
005 20180728155108.0
008 000729s1982 sz |||| ||||| | eng d
040 _aPPAK
_beng
_cPPAK
_erda
082 0 4 _a945
_223
090 0 0 _a945
_bEDI
_dKSA
110 2 _aEdition Berlitz
245 0 0 _aItalian for travellers
264 1 _aSwitzerland :
_bEdition Berlitz ,
_c1982
300 _a192 pages ;
_c14 cm
336 _2rdacontent
_atext
337 _2rdamedia
_aunmediated
338 _2rdacarrier
_avolume
650 1 0 _aItaly
710 2 _aEdition Berlitz
_eorganizer
942 _ddc
_cB
999 _c147781
_d147781